000 00712nam a2200289Ia 4500
005 20260324143157.0
008 008 260324s9999 xx 000 0 eng d
020 _a9780203420652
037 _aEBOOK
040 _aCRL
040 _beng
040 _cCRL
041 _2eng
041 _aeng
084 _qCRL
100 _aJanet Adelman
_91214669
245 0 _aSuffocating Mothers
245 0 _bFantasies of Maternal Origin in Shakespeare's Plays, Hamlet to the Tempest
260 _bTaylor and Francis
260 _c1992
365 _a
365 _b230
856 _uhttp://www.taylorfrancis.com/books/9780203420652
942 _cEBOOK
999 _c1819763
_d1819763